Trăng soi sân nhỏ Truyện ngắn
v.v...
Đã lưu trong:
| Tác giả chính: | |
|---|---|
| Định dạng: | Sách |
| Năm xuất bản: |
H.
Văn học
1995
|
| Series: | Văn học hiện đại Việt Nam
|
| Chủ đề: | |
| Tags: |
Thêm thẻ
Không có thẻ, Hãy là người đầu tiên gắn thẻ bản ghi này!
|
| LEADER | 01160nam a2200217 4500 | ||
|---|---|---|---|
| 082 | |a 895.922334 |b M100V | ||
| 100 | |a Ma Văn Kháng | ||
| 245 | |a Trăng soi sân nhỏ |c Ma Văn Kháng |b Truyện ngắn | ||
| 260 | |a H. |b Văn học |c 1995 | ||
| 300 | |a 208 tr. |c 19 cm. | ||
| 490 | |a Văn học hiện đại Việt Nam | ||
| 500 | |a Nội dung: Tóc huyền mầu bạc trắng, Bồ nông ở biển, Trăng soi sân nhỏ... | ||
| 520 | |a v.v... | ||
| 653 | |a Văn học hiện đại | ||
| 653 | |a Việt Nam | ||
| 653 | |a Truyện ngắn | ||
| 942 | |2 ddc |c STK0 | ||
| 999 | |c 1585 |d 1585 | ||
| 952 | |0 0 |1 0 |2 ddc |4 0 |6 895_922334000000000_M100V |7 1 |8 800 |9 26901 |a qbu |b qbu |c D5 |d 2014-12-09 |g 40000 |o 895.922334 M100V |p 1089.c1 |r 0000-00-00 |w 2014-12-09 |y STK0 |0 0 |6 895_922334000000000_M100V | ||
| 952 | |0 0 |1 0 |2 ddc |4 0 |6 895_922334000000000_M100V |7 0 |8 800 |9 26902 |a qbu |b qbu |c D5 |d 2014-12-09 |g 40000 |l 1 |m 1 |o 895.922334 M100V |p 1089.c2 |r 2016-10-17 |s 2016-10-03 |w 2014-12-09 |y STK0 |0 0 |6 895_922334000000000_M100V | ||
| 952 | |0 0 |1 0 |2 ddc |4 0 |6 895_922334000000000_M100V |7 0 |8 800 |9 26903 |a qbu |b qbu |c D5 |d 2014-12-09 |g 40000 |o 895.922334 M100V |p 1089.c3 |r 2015-10-29 |w 2014-12-09 |y STK0 |0 0 |6 895_922334000000000_M100V | ||